000 00890cab a2200241 4500
001 WB3234-57
008 090401t1996 xxu||||| |||| 00| 0 eng d
035 _a(Sirsi) u57548
041 _aeng
245 _aCull halted after new BSE report
260 _c1996
350 _a0
490 _aFarmers' Weekly
_v125(10) 6 September 1996, 10
490 _aDaily Telegraph
_v13 September 1996, 1&2(3)
520 _aSummarises results from the Oxford University/MAFF report on BSE. Concludes that slaughtering 83,000 fewer cattle than MAFF recommends would be just as effective at eradicating BSE. MAFF has now shelved the cull, and the Cabinet will back MAFF unless the EU agrees to lift the British beef export ban.
650 _aBSE
650 _aCULLING POLICY
650 _aMAFF
650 _aOXFORD UNIVERSITY
690 _aRURAL PRACTICE
942 _n0
948 _c04/03/1997
999 _c35107
_d35107